| 000 | 00533nam a22001577a 4500 | ||
|---|---|---|---|
| 082 | _aT-75 | ||
| 100 |
_aSyed Abid Ali Shah, Engr _948426 |
||
| 245 |
_aLoad transfer from high strength concrete interior columns through ordinary strength concrete slabs _cSyed Abid Ali Shah, Engr |
||
| 260 |
_aRisalpur _bMCE _c1999 |
||
| 300 | _a71 P, : | ||
| 526 |
_a0 _b0 _c0 _dT_75 |
||
| 650 |
_aMaster of Science in Civil Engineering _948427 |
||
| 650 |
_aThesis _934811 |
||
| 700 |
_aLt Col (Dr) Khaliq ur Rashid Kayani _948428 |
||
| 942 |
_2ddc _cBK |
||
| 999 |
_c551382 _d551382 |
||